000 00716nam a2200241 i 4500
001 114911
003 ES-MaACL
007 t|
008 070209s1953 sp ||||1| spa d
080 _a86(Góngora 1.06)
080 _a92(Gongora,Luis)
080 _a86-14"15"
100 1 _aGóngora y Argote, Luis de.
_958246
245 1 0 _aGóngora /
_cEmilio Orozco Díaz.
260 _aBarcelona :
_bLabor,
_c1953.
300 _a339 p. :
_bil. ;
_c18 cm.
490 1 _aClásicos Labor ;
_v18
600 1 4 _aGóngora y Argote, Luis de.
_958246
700 0 _aOrozco Díaz, Emilio,
_d1909-1987
_987342
830 0 _aClásicos Labor ;
_v18
_9185822
852 _aES-MaACL
_jE-3904
999 _c114911
_d114911